El Ressò de l'Oda 'I Troubaire Catalan' a Catalunya / R. Aramon i Serra...
Descripción Física:
p. 187 a 247 ; 26 cm
MARC
| LEADER | 00000nam a2200000Ia 4500 | ||
|---|---|---|---|
| 001 | 10398 | ||
| 008 | 160829s1967 xx 000 0 cat d | ||
| 080 | |a L-1-28 | ||
| 100 | |a Aramon i Serra, R. |9 31748 | ||
| 245 | |a El Ressò de l'Oda 'I Troubaire Catalan' a Catalunya / R. Aramon i Serra... | ||
| 260 | |a Barcelona : |b Institut d'Estudis Catalans, |c 1967 | ||
| 300 | |a p. 187 a 247 ; |c 26 cm | ||
| 590 | |a Comunicació presentada al III Congrés Internacional de Llengua i Literatura d'Oc (Bordeus, 3-8 de setembre 1961). Separata d'Estudis Romanics, XI | ||
| 650 | |a Poesia provençal |x S XX |9 28404 | ||
| 650 | |a Mistral, Frederic |x Estudis |9 28405 | ||
| 700 | |a Congrés Internacional de Llengua i Literatura d'Oc (3a : 1961 : Bordeus) |9 28406 | ||
| 710 | 2 | |a Institut d'Estudis Catalans |9 52284 | |
| 901 | |a Arxiu | ||
| 942 | |n 1 | ||
| 952 | |0 0 |1 0 |4 0 |6 L128 |7 1 |9 44804 |a Arxiu |b Arxiu |d 2016-12-01 |l 0 |o L-1-28 |p 10398 |r 2016-12-01 00:00:00 |w 2016-12-01 |y ARXIU | ||
| 999 | |c 47402 |d 47402 | ||